Etude sur la croissance des bovins des races locales en utilisant des ensilages d'herbe de roi a l'universite royale d'agriculture, សិក្សាលើការលូតលាស់របស់ពូជគោក្នុងស្រុកដោយប្រើស្មៅស្ដេចផ្អាប់ នៅក្នុងសាកលវិទ្យាល័យភូមិន្ទកសិកម្ម (Record no. 2792)
[ view plain ]
| 000 -LEADER | |
|---|---|
| fixed length control field | 00779nam a22001577a 4500 |
| 003 - CONTROL NUMBER IDENTIFIER | |
| control field | OSt |
| 005 - DATE AND TIME OF LATEST TRANSACTION | |
| control field | 20151110132607.0 |
| 008 - FIXED-LENGTH DATA ELEMENTS--GENERAL INFORMATION | |
| fixed length control field | 151027b xxu||||| |||| 00| 0 eng d |
| 040 ## - CATALOGING SOURCE | |
| Transcribing agency | RUA |
| 082 ## - DEWEY DECIMAL CLASSIFICATION NUMBER | |
| Classification number | VTF SAN 2010 B113 Or.1 |
| 100 ## - MAIN ENTRY--PERSONAL NAME | |
| 9 (RLIN) | 2976 |
| Personal name | SAN, BENG HAP. |
| 245 ## - TITLE STATEMENT | |
| Title | Etude sur la croissance des bovins des races locales en utilisant des ensilages d'herbe de roi a l'universite royale d'agriculture, សិក្សាលើការលូតលាស់របស់ពូជគោក្នុងស្រុកដោយប្រើស្មៅស្ដេចផ្អាប់ នៅក្នុងសាកលវិទ្យាល័យភូមិន្ទកសិកម្ម |
| 260 ## - PUBLICATION, DISTRIBUTION, ETC. (IMPRINT) | |
| Place of publication, distribution, etc. | Phnom Penh |
| Name of publisher, distributor, etc. | RUA |
| Date of publication, distribution, etc. | 2010 |
| 300 ## - PHYSICAL DESCRIPTION | |
| Extent | vi; 36p. |
| Other physical details | ill. |
| Dimensions | 29cm. |
| 942 ## - ADDED ENTRY ELEMENTS (KOHA) | |
| Source of classification or shelving scheme | |
| Koha item type | VTF |
| Price effective from | Date last seen | Permanent Location | Not for loan | Date acquired | Source of classification or shelving scheme | Koha item type | Barcode | Lost status | Damaged status | Shelving location | Withdrawn status | Current Location | Full call number |
|---|---|---|---|---|---|---|---|---|---|---|---|---|---|
| 2015-10-27 | 2015-10-27 | Library Block B | 2015-10-27 | VTF | RUA008237 | B113 | Library Block B | VTF SAN 2010 B113 Or.1 | |||||
| 2015-10-27 | 2015-10-27 | Library Block B | 2015-10-27 | VTF | RUA008381 | B113 | Library Block B | VTF SAN 2010 B113 Or.2 | |||||
| 2015-10-27 | 2015-10-27 | Library Block B | 2015-10-27 | VTF | RUA008236 | B113 | Library Block B | VTF SAN 2010 B113 Or.3 | |||||
| 2015-10-27 | 2015-10-27 | Library Block B | 2015-10-27 | VTF | RUA008380 | B113 | Library Block B | VTF SAN 2010 B113 Or.4 | |||||
| 2015-10-27 | 2015-10-27 | Library Block B | 2015-10-27 | VTF | RUA008308 | B113 | Library Block B | VTF SAN 2010 B113 Or.5 | |||||
| 2015-10-27 | 2015-10-27 | Library Block B | 2015-10-27 | VTF | RUA008382 | B113 | Library Block B | VTF SAN 2010 B113 Or.6 | |||||
| 2019-06-19 | 2019-06-19 | Library Block B | 2019-06-19 | VTF | A37735 | B1.238 | Library Block B | VTF SAN 2010 B1.238 Or.1 | |||||
| 2019-06-19 | 2019-06-19 | Library Block B | 2019-06-19 | VTF | A37906 | B1.238 | Library Block B | VTF SAN 2010 B1.238 Or.1 | |||||
| 2019-06-19 | 2019-06-19 | Library Block B | 2019-06-19 | VTF | A37032 | B1.238 | Library Block B | VTF SAN 2010 B1.238 Or.1 |